| 000 | 00468nam a2200181 4500 | ||
|---|---|---|---|
| 001 | VA101985 | ||
| 003 | ES-SlBCS | ||
| 005 | 20210601160409.0 | ||
| 008 | 140520s1881 xxu||||| |||| 00| 0 spa d | ||
| 041 | _aspa | ||
| 100 | 1 |
_aPagé, Eusebio _9389877 |
|
| 245 | 1 | 0 |
_aEl ferro-carril _cEusebio Pagé |
| 260 |
_aMadrid : _bDirección y Administración _c, 1881 |
||
| 300 |
_a252,251 p.; _c16 cm |
||
| 500 | _aDepósito 3 | ||
| 650 | 0 | 4 |
_aFerrocarril _9188285 |
| 942 | _cBK | ||
| 999 |
_c829000 _d829000 |
||